| 000 | 00396pab a2200157 454500 | ||
|---|---|---|---|
| 008 | 180718b1988 xxu||||| |||| 00| 0 eng d | ||
| 100 | _aGoel, B.B. | ||
| 245 | _aProject implementation: An empirical study | ||
| 260 | _c1988 | ||
| 300 | _ap.103-111. | ||
| 362 | _aJan-Mar | ||
| 650 | _aProject management | ||
| 773 | _aIndian Journal of Public Administration | ||
| 908 | _aN | ||
| 909 | _a16206 | ||
| 999 |
_c16206 _d16206 |
||